000 01129nam a2200337 c 4500
001 58139
003 CO-BoRNBP
005 20250816002837.0
007 ta
008 231206s2023 ck a|||ar6||| 00| j|spa d
020 _a9786287589261
040 _aCO-BoRNBP
_bspa
_erda
_cCO-BoRNBP
041 1 _aspa
_hfre
043 _ae-be--
084 _aH
100 _aBailly, Pierre,
_d1970-
_eaut
245 1 0 _aBolita de pelo :
_bamor congelado /
_cPierre Bailly y Céline Fraipont.
250 _aEdición especial
264 1 _aBogotá, Colombia :
_bRey Naranjo Editores,
_c2023
300 _a32 páginas sin numerar :
_bilustraciones a color
336 _atexto
_btxt
_2rdacontent
337 _asin mediación
_bn
_2rdamedia
338 _avolumen
_bnc
_2rdacarrier
521 1 _aRecomendado para un público infantil mayor de 3 años
650 0 7 _aHistorias de aventuras
_2LEMB
_9870
650 0 7 _aLibros ilustrados para niños
_2LEMB
_92001
650 0 4 _aLiteratura infantil belga
_2LEMB
650 0 7 _aTiras cómicas, historietas, etc
_zBélgica
_ysiglo xxi
_2lemb
_960357
700 _aFraipont, Céline
_eaut
942 _2loc
_cBKLITI
999 _c58139
_d58139